2025/26 Bundesliga Top Goalscorers - Statistics

General Stats
  • This quiz has been taken 14 times
  • The average score is 10 of 19
Answer Stats
Goals Team Country Goalscorer % Correct
36 FC Bayern München England Harry Kane
100%
19 VfB Stuttgart Germany Deniz Undav
85%
15 FC Bayern München Colombia Luis Díaz
85%
15 FC Bayern München France Michael Olise
85%
17 Borussia Dortmund Guinea Serhou Guirassy
85%
16 Bayer Leverkusen Czech Republic Patrik Schick
77%
14 TSG 1899 Hoffenheim Croatia Andrej Kramaric
69%
12 RB Leipzig Ivory Coast Yan Diomande
54%
13 RB Leipzig Austria Christoph Baumgartner
46%
12 VfB Stuttgart Bosnia and Herzegovina Ermedin Demirovic
46%
11 SC Freiburg Croatia Igor Matanovic
38%
12 1. FSV Mainz 05 Germany Nadiem Amiri
38%
10 TSG 1899 Hoffenheim Kosovo Fisnik Asllani
31%
13 Borussia Mönchengladbach Bosnia and Herzegovina Haris Tabakovic
31%
10 SV Werder Bremen Denmark Jens Stage
31%
9 Borussia Dortmund Germany Maximilian Beier
31%
13 1. FC Köln Germany Said El Mala
31%
13 Eintracht Frankfurt Germany Jonathan Burkardt
23%
9 RB Leipzig Brazil Rômulo
15%
No matching quizzes found
Score Distribution
Percent of People with Each Score
Percentile by Number Answered
Your Score History
You have not taken this quiz